Peeps at Many Lands Burma / (Record no. 194064)
[ view plain ]
| 000 -LEADER | |
|---|---|
| fixed length control field | 00639 a2200169 4500 |
| 003 - CONTROL NUMBER IDENTIFIER | |
| control field | Nust |
| 005 - DATE AND TIME OF LATEST TRANSACTION | |
| control field | 20230207124159.0 |
| 040 ## - CATALOGING SOURCE | |
| Transcribing agency | Nust |
| 082 ## - DEWEY DECIMAL CLASSIFICATION NUMBER | |
| Classification number | 959.2,KEL |
| 100 ## - MAIN ENTRY--PERSONAL NAME | |
| Personal name | R.Talbot Kelly , |
| 9 (RLIN) | 108690 |
| 245 ## - TITLE STATEMENT | |
| Title | Peeps at Many Lands Burma / |
| Statement of responsibility, etc. | R. Talbot Kelly |
| 250 ## - EDITION STATEMENT | |
| Edition statement | 2nd ed |
| 260 ## - PUBLICATION, DISTRIBUTION, ETC. | |
| Place of publication, distribution, etc. | london |
| Name of publisher, distributor, etc. | A.& C. Black |
| Date of publication, distribution, etc. | 1929 |
| 300 ## - PHYSICAL DESCRIPTION | |
| Extent | viii,84p; |
| 505 ## - FORMATTED CONTENTS NOTE | |
| Formatted contents note | The Land (Page-1), Rangoon (Page-5), The Irrawaddy (Page-21), The Irrawaddy (Continued) (Page-29), Village Life (Page-35)m Town Life (Page-41), Field Work (Page-50), The Forest (Page-56), The Forest (Continued) (Page-65), Temples and Religion (Page-74). |
| 942 ## - ADDED ENTRY ELEMENTS (KOHA) | |
| Source of classification or shelving scheme | |
| Koha item type | Book |
| Withdrawn status | Lost status | Source of classification or shelving scheme | Damaged status | Not for loan | Permanent Location | Current Location | Shelving location | Date acquired | Full call number | Barcode | Date last seen | Price effective from | Koha item type | Public note |
|---|---|---|---|---|---|---|---|---|---|---|---|---|---|---|
| Military College of Signals (MCS) | Military College of Signals (MCS) | General Stacks | 12/12/2016 | 959.2,KEL | MCS29200 | 12/08/2016 | 12/12/2016 | Book | Almirah No.62, Shelf No.5 |
